Astrolphysics of gaseous nebulae (Record no. 4729)
[ view plain ]
| 000 -LEADER | |
|---|---|
| fixed length control field | 00624nam a2200205Ia 4500 |
| 003 - CONTROL NUMBER IDENTIFIER | |
| control field | IN-BaIIA |
| 008 - FIXED-LENGTH DATA ELEMENTS--GENERAL INFORMATION | |
| fixed length control field | 211028s9999 xx 000 0 eng d |
| 020 ## - INTERNATIONAL STANDARD BOOK NUMBER | |
| International Standard Book Number | 0-7167-0348-3 |
| 040 ## - CATALOGING SOURCE | |
| Transcribing agency | IIA Library |
| 080 ## - UNIVERSAL DECIMAL CLASSIFICATION NUMBER | |
| Universal Decimal Classification number | 524.5 |
| Item number | OST |
| 100 ## - MAIN ENTRY--PERSONAL NAME | |
| Personal name | Osterbrock, Donald E |
| 9 (RLIN) | 8397 |
| 245 #0 - TITLE STATEMENT | |
| Title | Astrolphysics of gaseous nebulae |
| Statement of responsibility, etc. | Donald E. Osterbrock |
| 260 ## - PUBLICATION, DISTRIBUTION, ETC. | |
| Place of publication, distribution, etc. | San Francisco |
| Name of publisher, distributor, etc. | W. H. Freeman |
| Date of publication, distribution, etc. | 1974 |
| 300 ## - PHYSICAL DESCRIPTION | |
| Extent | xiv, 251p. |
| 490 ## - SERIES STATEMENT | |
| Series statement | A series of books in astronomy and astrophysics |
| 650 ## - SUBJECT ADDED ENTRY--TOPICAL TERM | |
| Topical term or geographic name entry element | Nebulae |
| 9 (RLIN) | 8398 |
| 650 ## - SUBJECT ADDED ENTRY--TOPICAL TERM | |
| Topical term or geographic name entry element | Planetary nebulae |
| 9 (RLIN) | 8399 |
| 650 ## - SUBJECT ADDED ENTRY--TOPICAL TERM | |
| Topical term or geographic name entry element | Astronomy and astrophysics thesaurus |
| 9 (RLIN) | 1143 |
| 942 ## - ADDED ENTRY ELEMENTS (KOHA) | |
| Koha item type | Books |
| Withdrawn status | Lost status | Damaged status | Not for loan | Home library | Current library | Shelving location | Date acquired | Total Checkouts | Total Renewals | Full call number | Barcode | Date last seen | Date last checked out | Price effective from | Koha item type |
|---|---|---|---|---|---|---|---|---|---|---|---|---|---|---|---|
| IIA Library-Bangalore | IIA Library-Bangalore | General Stacks | 08/05/1975 | 2 | 5 | 524.5/ OST | 5284 | 23/07/2025 | 31/03/2023 | 08/05/1975 | Books |